005960000a220008500045001000035000002450060000353000047000955200323001427730045004651 aValencia Rincón, Juan Carlos10aArdiente y pendenciero : Nuevo disco de Wynton Marsalis aVol.0, núm.19 (Abril, 2007), Página 36 aComo director de la orquesta del Lincoln Center se ha convertido en un feroz defensor del jazz como un género puro que acabó en 1965. Usa trajes de diseñador, gana millones de dólares y odia el rap. ¿Por qué es tán radical uno de los músicos más prolíficos e interesantes de los últimos tiempos?0 tArcadia / Andrés Felipe Solano, Editor